000 00620nam a22002172 4500
001 0000004320
005 20151217145803.0
008 070522s xx 000 0 eng d
020 _a0761922687 :
_cKES 3,600
040 _aKABU
_cKABU
050 0 _aQA276.4
_b.S64 2001
100 1 _aSpector, Paul E.
_@0000154816
245 1 0 _aSAS programming for researchers and social scientists.
250 _a2nd ed.
260 _aLondon :
_bSage,
_c2001.
300 _axv, 224 p.
650 0 _aSAS (Computer file)
_@0000154817
908 _a070522
950 _@1
999 _c2608
_d2608